| 000 | 00000nam##2200000za#4500 |
| 001 | 9.581578 |
| 003 | CaOODSP |
| 005 | 20210624191601 |
| 007 | cr ||||||||||| |
| 008 | 150406|2015||||xxc|||||o f|0| 0 eng|d |
| 040 | |aCaOODSP|beng |
| 043 | |an-cn--- |
| 086 | 1 |aXC60-1/1-412-3E-PDF |
| 110 | 1 |aCanada.|bHouse of Commons. |bStanding Committee on Official Languages. |
| 245 | 14|aThe economic situation of official language minority communities : |h[electronic resource]|bbuilding sustainable and growing economies / |cChair: Hon. Michael Chong. |
| 260 | |aOttawa - Ontario : |bHouse of Commons. |cMarch 2015. |
| 300 | |a78p.|breferences |
| 490 | 1 |aReport of the Standing Committee on Official Languages|vThird report, 2nd session, 41st Parliament |
| 500 | |aOriginal published on: 2015/03/13; published on: 2015/03/20. |
| 590 | |a15-12|b2015-03-20 |
| 590 | |a15-13|b2015-03-27 |
| 775 | 08|tLa situation économique des communautés de langue officielle en situation minoritaire : |w(CaOODSP)9.608353 |
| 830 | #0|aReport of the Standing Committee on Official Languages ;|vThird report, 2nd session, 41st Parliament|w(CaOODSP)9.507312 |
| 856 | 40|ahttp://publications.gc.ca|qPDF|s1.51 MB|uhttps://publications.gc.ca/collections/collection_2015/parl/xc60-1/XC60-1-1-412-3-eng.pdf|yThird report, 2nd session, 41st Parliament |